000 01062nam0a22002531 4500
001 rc\368262
005 20260407140217.0
035 _a(NLR Aleph) 005599133
090 _a6293887
_c6293887
100 _a20030307d1989 |||y0rusy50 ca
101 0 _arus
102 _aRU
105 _aa |||||||||
200 1 _aСовершенствование технических средств в технологии орошения
_eСб. науч. тр.
_fУкр. НИИ гидротехники и мелиорации
_g[Редкол.: П.И. Коваленко (отв. ред.) и др.]
210 _aКиев
_cВНПО "УкрНИИГИМ"
_d1989
215 _a95, [1] с.
_cил.
_d20
320 _aБиблиогр. в конце ст.
702 1 _aКоваленко
_bП.И.
_gПетр Иванович
_4340
712 0 2 _aУкраинский НИИ гидротехники и мелиорации
_cКиев
_3RU\NLR\AUTH\8810005762
_9508945
801 0 _aRU
_bNLR
_gpsbo
801 1 _aRU
_bELAR
_2rusmarc
852 _aNLR
_j90-4/4570
942 _cBOOK
980 _aNB